Industrial engineering and management : with an appendix introducing ISO 9000 quality systems (Record no. 172025)
[ view plain ]
| 000 -LEADER | |
|---|---|
| fixed length control field | 00506nam a2200145Ia 4500 |
| 008 - FIXED-LENGTH DATA ELEMENTS--GENERAL INFORMATION | |
| fixed length control field | 231217s9999 xx 000 0 und d |
| 041 ## - LANGUAGE CODE | |
| Language code of text/sound track or separate title | English |
| 082 ## - DEWEY DECIMAL CLASSIFICATION NUMBER | |
| Classification number | 658.5 KHA;2 |
| 100 ## - MAIN ENTRY--PERSONAL NAME | |
| Personal name | Khanna, O P. Sarup, A. |
| 245 #0 - TITLE STATEMENT | |
| Title | Industrial engineering and management : with an appendix introducing ISO 9000 quality systems |
| 260 ## - PUBLICATION, DISTRIBUTION, ETC. | |
| Date of publication, distribution, etc. | 1992 |
| Name of publisher, distributor, etc. | Dhanapat Rai |
| Place of publication, distribution, etc. | New Delhi |
| 300 ## - PHYSICAL DESCRIPTION | |
| Extent | xxiv+1.1-A29 |
| 650 ## - SUBJECT ADDED ENTRY--TOPICAL TERM | |
| Topical term or geographic name entry element | Industrial,engineering,management,an,appendix,introducing,ISO,9000,quality,systems |
| 942 ## - ADDED ENTRY ELEMENTS (KOHA) | |
| Koha item type | Books |
| Date last seen | Total checkouts | Full call number | Accession number | Price effective from | Category | Lost status | Damaged status | Department | Withdrawn status | Home library | Current library | Shelving location | Entry date | Vendor | Grants | Billdate | Currency symbol | Conversion rate | Discount | Old discount |
|---|---|---|---|---|---|---|---|---|---|---|---|---|---|---|---|---|---|---|---|---|
| 26/01/2024 | 658.5 KHA;2 | 27759 | 26/01/2024 | Books | Central Library | Central Library | Central Library | Central Library | 30/04/2004 | Publisher | DONATED | 01/02/2006 | RS | 1 |
